[Event "26th WSCC 2016 Open 65+"]
[Site "Marianske Lazne, Czech Republic - Hotel Cristal and Continental"]
[Date "2016.11.19"]
[Round "1.27"]
[White "Mittelbach, Zdenek"]
[Black "Shevelev, Arkady"]
[Result "1/2-1/2"]
[WhiteElo "1944"]
[BlackElo "2283"]
[PlyCount "32"]
[EventDate "2016.11.19"]

1. c4 c5 2. Nf3 Nf6 3. Nc3 Nc6 4. e4 d6 5. h3 Nd4 6. d3 Nxf3+ 7. Qxf3 g6 8. Qd1
Bg7 9. Be2 O-O 10. O-O Nd7 11. Be3 Ne5 12. d4 cxd4 13. Bxd4 Nc6 14. Bxg7 Kxg7
15. Qd2 Be6 16. Kh1 Qb6 1/2-1/2

[Event "26th WSCC 2016 Open 65+"]
[Site "Marianske Lazne, Czech Republic - Hotel Cristal and Continental"]
[Date "2016.11.19"]
[Round "1.28"]
[White "Shvedchikov, Anatoli I"]
[Black "Ben-Zeev, Moshe"]
[Result "1-0"]
[WhiteElo "2281"]
[BlackElo "1943"]
[PlyCount "73"]
[EventDate "2016.11.19"]

1. c4 c5 2. Nf3 Nc6 3. d4 cxd4 4. Nxd4 Nf6 5. Nc3 g6 6. e4 d6 7. Be2 Bg7 8. Be3
O-O 9. O-O Nxd4 10. Bxd4 Bd7 11. f3 Bc6 12. Qd2 b6 13. b4 Rc8 14. Rac1 Qd7 15.
Rc2 Rfd8 16. Rfc1 Ba8 17. a4 Bc6 18. Ra2 Rc7 19. a5 bxa5 20. b5 Ba8 21. Rxa5
Ne8 22. Rca1 Bxd4+ 23. Qxd4 e5 24. Qe3 f5 25. Rxa7 Bb7 26. exf5 Qxf5 27. Bd3 e4
28. b6 Rf7 29. Nxe4 Bxe4 30. Bxe4 Qe5 31. f4 Rxa7 32. Rxa7 Qf6 33. Bd5+ Kh8 34.
g3 Qb2 35. Qe7 Qxb6+ 36. Kg2 Qb2+ 37. Kh3 1-0

[Event "26th WSCC 2016 Open 65+"]
[Site "Marianske Lazne, Czech Republic - Hotel Cristal and Continental"]
[Date "2016.11.19"]
[Round "1.29"]
[White "Valtera, Jiri"]
[Black "Lederman, Leon"]
[Result "0-1"]
[WhiteElo "1943"]
[BlackElo "2280"]
[PlyCount "32"]
[EventDate "2016.11.19"]

1. e4 c5 2. Nf3 d6 3. c3 Nf6 4. Be2 Nbd7 5. Qc2 Qc7 6. O-O e6 7. c4 Ne5 8. d4
Nxf3+ 9. gxf3 cxd4 10. Bg5 Be7 11. Nd2 Nh5 12. f4 Bxg5 13. fxg5 Nf4 14. Nf3 e5
15. Qd2 h6 16. Nxd4 Nh3+ 0-1

[Event "26th WSCC 2016 Open 65+"]
[Site "Marianske Lazne, Czech Republic - Hotel Cristal and Continental"]
[Date "2016.11.19"]
[Round "1.30"]
[White "Gutkin, Boris"]
[Black "Briza, Jiri"]
[Result "1-0"]
[WhiteElo "2275"]
[BlackElo "1941"]
[PlyCount "63"]
[EventDate "2016.11.19"]

1. Nf3 Nf6 2. c4 c5 3. g3 Nc6 4. Bg2 g6 5. O-O Bg7 6. d4 cxd4 7. Nxd4 O-O 8.
Nc3 Nxd4 9. Qxd4 d6 10. Qd3 Rb8 11. Bf4 Nd7 12. b3 Ne5 13. Qd2 Bd7 14. Bh6 Bc6
15. Bxg7 Kxg7 16. e4 Qb6 17. Kh1 f5 18. f4 Ng4 19. Rae1 Rbe8 20. h3 Nh6 21. Kh2
fxe4 22. Nxe4 Bxe4 23. Rxe4 Nf5 24. Rfe1 h5 25. Re6 Rf7 26. Bd5 Qc7 27. g4 hxg4
28. hxg4 Rh8+ 29. Kg2 Nh4+ 30. Kg3 Kf8 31. Qd4 Rh6 32. Qxa7 1-0

[Event "26th WSCC 2016 Open 65+"]
[Site "Marianske Lazne, Czech Republic - Hotel Cristal and Continental"]
[Date "2016.11.19"]
[Round "1.31"]
[White "Vatansever, Abdullah"]
[Black "Vikulov, Alexander"]
[Result "1-0"]
[WhiteElo "1938"]
[BlackElo "2275"]
[PlyCount "95"]
[EventDate "2016.11.19"]

1. d4 c5 2. d5 g6 3. c4 Bg7 4. Nc3 d6 5. e4 Nf6 6. f4 O-O 7. Nf3 e6 8. Be2 exd5
9. exd5 Bg4 10. O-O Nh5 11. h3 Bxf3 12. Rxf3 f5 13. Be3 Qd7 14. Qd2 Na6 15. Re1
Rae8 16. Bf2 Nc7 17. Bd1 Rxe1+ 18. Qxe1 Re8 19. Qf1 Qf7 20. Ba4 Re7 21. Bh4 Bf6
22. Bf2 Bh8 23. Bxc5 dxc5 24. d6 Bd4+ 25. Kh2 Re6 26. dxc7 Qxc7 27. Nb5 Qg7 28.
Nxd4 Qxd4 29. b4 b6 30. bxc5 bxc5 31. Qf2 Re4 32. Qxd4 Rxd4 33. Bc6 Nxf4 34.
Ra3 Rxc4 35. Rxa7 Rc3 36. a4 Ra3 37. Bb5 h6 38. a5 Kf8 39. a6 Nd5 40. Rb7 Nc3
41. Bc4 Na4 42. a7 Nb6 43. Rxb6 Rxa7 44. Rxg6 Ra4 45. Bd3 f4 46. Rxh6 c4 47.
Bf1 f3 48. Rf6+ 1-0

[Event "26th WSCC 2016 Open 65+"]
[Site "Marianske Lazne, Czech Republic - Hotel Cristal and Continental"]
[Date "2016.11.19"]
[Round "1.32"]
[White "Frick, Christoph"]
[Black "Scharff, Klaus"]
[Result "1-0"]
[WhiteElo "2275"]
[BlackElo "1934"]
[PlyCount "73"]
[EventDate "2016.11.19"]

1. Nc3 e6 2. e4 d6 3. d4 Nd7 4. f4 g6 5. Nf3 Bg7 6. Be3 Ne7 7. Qd2 a6 8. a4 c6
9. a5 d5 10. Bd3 dxe4 11. Nxe4 Qc7 12. c4 Nf5 13. Bf2 h5 14. O-O O-O 15. h3 Nf6
16. Neg5 Bd7 17. Ne5 Nh7 18. g4 Nxg5 19. fxg5 Nxd4 20. Bxd4 Bxe5 21. Bc5 h4 22.
Bxf8 Bd4+ 23. Kh1 Qg3 24. Rad1 Qxh3+ 25. Qh2 Qxh2+ 26. Kxh2 Rxf8 27. Bxg6 c5
28. Be4 e5 29. Kh3 Ba4 30. Rd2 Be3 31. Rd6 Bf4 32. Rb6 Bc6 33. Bxc6 bxc6 34.
Rd1 e4 35. Rxc6 e3 36. g6 Re8 37. Rb6 1-0

[Event "26th WSCC 2016 Open 65+"]
[Site "Marianske Lazne, Czech Republic - Hotel Cristal and Continental"]
[Date "2016.11.19"]
[Round "1.33"]
[White "Bernardo Jimenez, Fernando"]
[Black "Gruzmann, Boris"]
[Result "0-1"]
[WhiteElo "1926"]
[BlackElo "2268"]
[PlyCount "96"]
[EventDate "2016.11.19"]

1. e4 c5 2. Nc3 d6 3. f4 Nc6 4. Nf3 g6 5. Bc4 Bg7 6. d3 e6 7. Be3 Nf6 8. Bb3
Ng4 9. Bd2 h5 10. Qe2 Nd4 11. Qf1 Bd7 12. h3 Nh6 13. Nxd4 cxd4 14. Ne2 a5 15.
a4 b5 16. Qf2 bxa4 17. Bxa4 Bxa4 18. Rxa4 e5 19. O-O O-O 20. Rfa1 f5 21. Rxa5
Rxa5 22. Rxa5 fxe4 23. dxe4 Qc7 24. Bb4 Qxc2 25. Bxd6 d3 26. Nc3 Rxf4 27. Qxc2
dxc2 28. Ra1 Nf7 29. Ba3 Bh6 30. Rc1 Rxe4 31. Rxc2 Be3+ 32. Kh2 Rc4 33. Re2 Bd4
34. Ne4 h4 35. g3 hxg3+ 36. Kxg3 Nh6 37. Nd6 Nf5+ 38. Nxf5 gxf5 39. Kf3 Rc1 40.
Rg2+ Kf7 41. Rg5 e4+ 42. Ke2 Kf6 43. Rg8 Rc2+ 44. Kd1 Rf2 45. Rf8+ Ke6 46. Re8+
Kd5 47. Rc8 e3 48. b4 Ke4 0-1

[Event "26th WSCC 2016 Open 65+"]
[Site "Marianske Lazne, Czech Republic - Hotel Cristal and Continental"]
[Date "2016.11.19"]
[Round "1.34"]
[White "Sorensen, Bent"]
[Black "Abel, Hans-Peter"]
[Result "1-0"]
[WhiteElo "2263"]
[BlackElo "1923"]
[PlyCount "61"]
[EventDate "2016.11.19"]

1. Nf3 d5 2. g3 Nf6 3. Bg2 g6 4. d4 Bg7 5. c4 c6 6. b3 O-O 7. O-O Nbd7 8. Bb2
Re8 9. Nbd2 e6 10. Qc2 b6 11. e4 dxe4 12. Nxe4 Qc7 13. Rad1 Bb7 14. Nxf6+ Nxf6
15. Bc1 Rad8 16. Bf4 Qc8 17. Rfe1 Nd7 18. Bg5 f6 19. Bc1 c5 20. d5 exd5 21.
cxd5 Ne5 22. Nxe5 Rxe5 23. Rxe5 fxe5 24. Bg5 Rf8 25. Be7 Qd7 26. Bxf8 Kxf8 27.
Qc4 Qd6 28. Qh4 h6 29. Qg4 Ke7 30. Be4 Kf7 31. Qe6+ 1-0

[Event "26th WSCC 2016 Open 65+"]
[Site "Marianske Lazne, Czech Republic - Hotel Cristal and Continental"]
[Date "2016.11.19"]
[Round "1.35"]
[White "Drozdov, Vladimir E"]
[Black "Ruckschloss, Karol"]
[Result "0-1"]
[WhiteElo "1919"]
[BlackElo "2255"]
[PlyCount "122"]
[EventDate "2016.11.19"]

1. e4 d6 2. d4 Nf6 3. Nc3 g6 4. Nf3 c6 5. Be2 Bg7 6. O-O O-O 7. h3 b5 8. a3 a6
9. Bg5 h6 10. Be3 Qc7 11. Qd2 Kh7 12. Rfd1 Nbd7 13. Bf4 Nb6 14. Rac1 Bb7 15. b3
Rad8 16. Qe1 c5 17. dxc5 Qxc5 18. Be3 Qc7 19. Bxb5 Nxe4 20. Nxe4 axb5 21. Bd4
e5 22. Bb2 f5 23. Ned2 Rfe8 24. Qe2 Bc6 25. c4 bxc4 26. Nxc4 Nxc4 27. Qxc4 Rc8
28. Qa6 Qd7 29. Nd2 Bb5 30. Qb6 Be2 31. Re1 Bd3 32. a4 Rb8 33. Qc7 Qe6 34. Ba3
d5 35. Rc6 Qc8 36. Rec1 Qb7 37. Bd6 e4 38. Qa5 Ra8 39. Qxd5 Rad8 40. Qc5 Qf7
41. Rc7 Rd7 42. Qa7 Red8 43. a5 Qe6 44. Bb4 Be5 45. Rxd7+ Rxd7 46. Qa8 Bd4 47.
Qc6 Qxc6 48. Rxc6 f4 49. Rc1 g5 50. Re1 Rb7 51. Bd6 Bc3 52. Rd1 Bxa5 53. b4
Bxb4 54. Bxb4 Rxb4 55. Rc1 Rb2 56. Nc4 Rb5 57. Nd2 Kg6 58. Rc6+ Kf5 59. Rxh6
Rb2 60. Nxe4 Rb1+ 61. Kh2 Bxe4 0-1

[Event "26th WSCC 2016 Open 65+"]
[Site "Marianske Lazne, Czech Republic - Hotel Cristal and Continental"]
[Date "2016.11.19"]
[Round "1.36"]
[White "Pribyl, Josef"]
[Black "El Gheiadi, I."]
[Result "1-0"]
[WhiteElo "2252"]
[BlackElo "1918"]
[PlyCount "97"]
[EventDate "2016.11.19"]

1. d4 d5 2. Nf3 Nf6 3. g3 c6 4. Bg2 e6 5. O-O Be7 6. c4 dxc4 7. Ne5 O-O 8. Nc3
Nd5 9. Nxc4 b5 10. Ne5 Bb7 11. Bd2 a6 12. Rc1 f6 13. Nd3 Nd7 14. Ne4 Rc8 15.
Qb3 Kh8 16. Rfd1 a5 17. a4 b4 18. Ndc5 Nxc5 19. Nxc5 Bxc5 20. dxc5 Qe7 21. e4
Nc7 22. Be3 Rcd8 23. Rd6 Rfe8 24. Rcd1 e5 25. Bh3 Qf8 26. Bd7 Re7 27. Bxc6 Rxd6
28. cxd6 Bxc6 29. dxe7 Qxe7 30. Qc2 Be8 31. Qc5 Qxc5 32. Bxc5 Kg8 33. b3 Ne6
34. Be3 Nc7 35. Bb6 Ne6 36. f3 Kf7 37. Kf2 g6 38. Rd5 Bc6 39. Rxa5 Ke7 40. Ra7+
Kd6 41. Rxh7 Bxa4 42. bxa4 b3 43. Be3 Kc6 44. Ra7 Nc7 45. Rxc7+ Kxc7 46. Bc1
Kb6 47. h4 Ka5 48. g4 Kxa4 49. h5 1-0

[Event "26th WSCC 2016 Open 65+"]
[Site "Marianske Lazne, Czech Republic - Hotel Cristal and Continental"]
[Date "2016.11.19"]
[Round "1.37"]
[White "Prachar, Josef"]
[Black "Braun, Gottfried"]
[Result "0-1"]
[WhiteElo "1918"]
[BlackElo "2242"]
[PlyCount "42"]
[EventDate "2016.11.19"]

1. d4 d6 2. e4 Nf6 3. Nc3 e5 4. Nf3 exd4 5. Nxd4 Be7 6. Be2 O-O 7. Be3 Re8 8.
O-O Bf8 9. Bd3 Nbd7 10. h3 Nc5 11. Qf3 c6 12. Bg5 Be7 13. Nf5 Bxf5 14. exf5
Nxd3 15. cxd3 h6 16. Bf4 d5 17. g4 Nd7 18. Rfe1 Bf6 19. Qg3 Qb6 20. Red1 Qxb2
21. d4 Bxd4 0-1

[Event "26th WSCC 2016 Open 65+"]
[Site "Marianske Lazne, Czech Republic - Hotel Cristal and Continental"]
[Date "2016.11.19"]
[Round "1.38"]
[White "Huelsmann, Josef"]
[Black "Baumann, Hanspeter"]
[Result "1-0"]
[WhiteElo "2219"]
[BlackElo "1911"]
[PlyCount "65"]
[EventDate "2016.11.19"]

1. d4 Nf6 2. c4 e6 3. g3 d5 4. Nf3 c6 5. Nbd2 Nbd7 6. Bg2 Bd6 7. O-O O-O 8. Qc2
b6 9. e4 dxe4 10. Nxe4 Nxe4 11. Qxe4 Bb7 12. Ne5 Nxe5 13. dxe5 Bc5 14. Bf4 Qe7
15. h4 h6 16. Rfd1 Rfd8 17. Bf1 a5 18. Bd3 f5 19. exf6 Qxf6 20. Rd2 Rd4 21.
Qh7+ Kf7 22. Be3 Rdd8 23. Bxc5 bxc5 24. Re1 Rh8 25. Qe4 Rad8 26. Qe3 Rd4 27.
Rde2 Re8 28. h5 Re7 29. Bg6+ Kg8 30. Qa3 Rxc4 31. Qxa5 Rd4 32. Qxc5 Rd8 33. Re4
1-0

[Event "26th WSCC 2016 Open 65+"]
[Site "Marianske Lazne, Czech Republic - Hotel Cristal and Continental"]
[Date "2016.11.19"]
[Round "1.39"]
[White "Hocevar, Nikola"]
[Black "Jorgensen, Jorgen"]
[Result "1/2-1/2"]
[WhiteElo "1910"]
[BlackElo "2217"]
[PlyCount "59"]
[EventDate "2016.11.19"]

1. Nf3 f5 2. e4 fxe4 3. Ng5 d5 4. d3 e3 5. fxe3 Nf6 6. Be2 e5 7. O-O Be7 8. c4
O-O 9. cxd5 Nxd5 10. Rxf8+ Bxf8 11. Ne4 Be6 12. Nbc3 Nc6 13. Bd2 h6 14. Rc1 Qd7
15. a3 a5 16. Qc2 Nxc3 17. Qxc3 Rd8 18. Be1 Qd5 19. Nc5 Bxc5 20. Qxc5 Qb3 21.
Bc3 Rd5 22. Qc4 Qxc4 23. dxc4 Rd8 24. b4 axb4 25. axb4 e4 26. b5 Ne7 27. g4 c6
28. Bd4 Rc8 29. Rb1 cxb5 30. Rxb5 1/2-1/2

[Event "26th WSCC 2016 Open 65+"]
[Site "Marianske Lazne, Czech Republic - Hotel Cristal and Continental"]
[Date "2016.11.19"]
[Round "1.40"]
[White "Karlik, Vladimir"]
[Black "Kopecek, Ivan"]
[Result "1-0"]
[WhiteElo "2217"]
[BlackElo "1910"]
[PlyCount "87"]
[EventDate "2016.11.19"]

1. d4 Nf6 2. Nf3 e6 3. Bf4 Be7 4. h3 O-O 5. e3 c5 6. Nbd2 b6 7. c3 d5 8. Bd3
Bb7 9. Qb1 h6 10. O-O Nbd7 11. Ne5 Nxe5 12. dxe5 Nd7 13. Nf3 f5 14. exf6 Bxf6
15. Bd6 Be7 16. Bg3 Bf6 17. e4 c4 18. Bc2 Nc5 19. e5 Be7 20. Nd4 Bh4 21. Bh2
Qd7 22. Qd1 Rae8 23. Qg4 Bd8 24. Qg6 Nd3 25. Bxd3 cxd3 26. Qxd3 Be7 27. b4 a5
28. a3 Ra8 29. Qg6 Bc8 30. f4 Qe8 31. Qg4 Qf7 32. Bg3 Bd7 33. Bh4 Rfc8 34. Bxe7
Qxe7 35. Rac1 Rc4 36. Qf3 Rac8 37. f5 exf5 38. Qxd5+ Kh8 39. e6 Be8 40. Qxf5
Qh4 41. Qf8+ Kh7 42. Nf5 Qg5 43. Nd6 Qe3+ 44. Qf2 1-0

[Event "26th WSCC 2016 Open 65+"]
[Site "Marianske Lazne, Czech Republic - Hotel Cristal and Continental"]
[Date "2016.11.19"]
[Round "1.41"]
[White "Marsina, Stefan"]
[Black "Wahlbom, Magnus"]
[Result "1/2-1/2"]
[WhiteElo "1910"]
[BlackElo "2215"]
[PlyCount "39"]
[EventDate "2016.11.19"]

1. Nf3 Nf6 2. c4 e6 3. a3 c5 4. Nc3 Nc6 5. d4 cxd4 6. Nxd4 Bc5 7. e3 O-O 8. Be2
d5 9. Nxc6 bxc6 10. O-O e5 11. b4 Bb6 12. Qc2 Be6 13. Na4 Bc7 14. Bb2 Qe7 15.
Nc5 Rac8 16. Rac1 Bd6 17. cxd5 cxd5 18. Bf3 Bg4 19. Bxg4 Nxg4 20. Qf5 1/2-1/2

[Event "26th WSCC 2016 Open 65+"]
[Site "Marianske Lazne, Czech Republic - Hotel Cristal and Continental"]
[Date "2016.11.19"]
[Round "1.42"]
[White "Lind, Jan-Olov"]
[Black "Choong, Liong-On Mark"]
[Result "1/2-1/2"]
[WhiteElo "2213"]
[BlackElo "1908"]
[PlyCount "120"]
[EventDate "2016.11.19"]

1. e4 c5 2. Nf3 e6 3. d3 Ne7 4. g3 g6 5. Bg2 Bg7 6. O-O Nbc6 7. c3 O-O 8. d4
cxd4 9. cxd4 d5 10. e5 Nf5 11. Nc3 a6 12. g4 Nh4 13. Nxh4 Qxh4 14. f4 f6 15.
Bd2 fxe5 16. dxe5 Qe7 17. g5 Bd7 18. Kh1 Nd4 19. Rc1 Bc6 20. Qe1 Rac8 21. Rf2
Nf5 22. Ne2 Bb5 23. Bb4 Rxc1 24. Nxc1 Qc7 25. Bxf8 Bxf8 26. Nb3 Qb6 27. Rf3 Be7
28. Qa5 Qa7 29. Qe1 Qb6 30. h4 Bc6 31. Rh3 Bb4 32. Qe2 a5 33. h5 a4 34. Nc1 Qd4
35. hxg6 hxg6 36. Nd3 Bb5 37. Qf2 Qxf2 38. Nxf2 Bd2 39. Ng4 Bxf4 40. Nf6+ Kf7
41. Rh7+ Ng7 42. Nxd5 exd5 43. Bxd5+ Kf8 44. e6 Bxg5 45. Bxb7 Bc4 46. Bc6 Bf6
47. Bxa4 Bxa2 48. b4 Bxe6 49. Bc6 Nf5 50. Rb7 Nd4 51. Be4 Be5 52. b5 Nf5 53.
Kg2 Nd6 54. Rb6 Kf7 55. Bc6 Kf6 56. Ra6 Bc4 57. Kf3 Kg5 58. Ra4 Bd4 59. Rb4 Bb6
60. Rb1 Kf6 1/2-1/2

[Event "26th WSCC 2016 Open 65+"]
[Site "Marianske Lazne, Czech Republic - Hotel Cristal and Continental"]
[Date "2016.11.19"]
[Round "1.43"]
[White "Marcovici, Adrian"]
[Black "Tapper, Larry"]
[Result "1/2-1/2"]
[WhiteElo "1906"]
[BlackElo "2212"]
[PlyCount "82"]
[EventDate "2016.11.19"]

1. e4 d5 2. exd5 Nf6 3. d4 Nxd5 4. Nf3 g6 5. Be2 Bg7 6. O-O O-O 7. c4 Nb6 8.
Nc3 Nc6 9. Be3 e5 10. dxe5 Nxe5 11. Nxe5 Bxe5 12. Qxd8 Rxd8 13. Rac1 Be6 14. b3
c6 15. Rfd1 f5 16. f4 Rxd1+ 17. Bxd1 Bc7 18. Be2 a5 19. c5 Nd5 20. Nxd5 Bxd5
21. Bc4 Re8 22. Bxd5+ cxd5 23. Kf2 Re4 24. g3 d4 25. Bd2 Kf7 26. Kf3 Ke6 27. g4
g5 28. gxf5+ Kxf5 29. fxg5 Rh4 30. Rh1 Rh3+ 31. Kg2 Rd3 32. Rf1+ Kg4 33. Rf2
Rh3 34. Kf1 d3 35. Rf7 Rxh2 36. Rxc7 Rxd2 37. Ke1 Rxa2 38. Rxh7 Kxg5 39. Rxb7
Rc2 40. Rd7 Rxc5 41. Rxd3 Kf4 1/2-1/2

[Event "26th WSCC 2016 Open 65+"]
[Site "Marianske Lazne, Czech Republic - Hotel Cristal and Continental"]
[Date "2016.11.19"]
[Round "1.44"]
[White "Borensztajn, David"]
[Black "Schmitt, Karl"]
[Result "1/2-1/2"]
[WhiteElo "2211"]
[BlackElo "1899"]
[PlyCount "72"]
[EventDate "2016.11.19"]

1. d4 Nf6 2. Nc3 d5 3. Bf4 g6 4. Qd2 Bg7 5. Bh6 Bxh6 6. Qxh6 Bf5 7. Qd2 Nbd7 8.
Nf3 c6 9. e3 Ne4 10. Nxe4 Bxe4 11. Ng5 Bf5 12. f4 Nf6 13. Bd3 Bxd3 14. cxd3 Qb6
15. Rc1 a5 16. a3 h6 17. Nf3 O-O 18. Ne5 Rfc8 19. O-O e6 20. Rc5 Kg7 21. g4 Rh8
22. b4 axb4 23. axb4 Ra4 24. b5 Rha8 25. g5 Ng8 26. bxc6 bxc6 27. Rfc1 h5 28.
Rxc6 Qb3 29. Rc7 R8a7 30. Qc3 Qxc3 31. R1xc3 Ne7 32. Kf2 Ra2+ 33. Kf3 Ra1 34.
Rxa7 Rxa7 35. Rc1 Rb7 36. Rc2 Ra7 1/2-1/2

[Event "26th WSCC 2016 Open 65+"]
[Site "Marianske Lazne, Czech Republic - Hotel Cristal and Continental"]
[Date "2016.11.19"]
[Round "1.45"]
[White "Belokopyt, Boris"]
[Black "Harestad, Thor Geir"]
[Result "0-1"]
[WhiteElo "1898"]
[BlackElo "2211"]
[PlyCount "110"]
[EventDate "2016.11.19"]

1. d4 Nf6 2. Nf3 g6 3. g3 Bg7 4. Bg2 O-O 5. O-O c5 6. d5 d6 7. c4 b5 8. cxb5 a6
9. bxa6 Bxa6 10. Nc3 Nbd7 11. Re1 Nb6 12. e4 Nfd7 13. Qc2 Nc4 14. b3 Qa5 15. e5
Ncxe5 16. Nxe5 Nxe5 17. Bd2 Qc7 18. Rad1 Nd3 19. Re3 Nb4 20. Qb1 Bc8 21. a4 Bf5
22. Be4 Bd7 23. Rde1 Rae8 24. Na2 Nxa2 25. Qxa2 e5 26. dxe6 fxe6 27. Rf3 d5 28.
Rxf8+ Rxf8 29. Bg2 Qb6 30. Bf4 Bd4 31. Be3 Bf6 32. Bf4 Qb4 33. Bd2 Bc3 34. Bxc3
Qxc3 35. Re3 Qc1+ 36. Bf1 Rb8 37. Qe2 Re8 38. Qe1 Qxe1 39. Rxe1 Rb8 40. Rc1
Rxb3 41. Rxc5 Bxa4 42. Bh3 Kf7 43. Rc7+ Kf6 44. Rxh7 d4 45. g4 Rb1+ 46. Kg2
Bc6+ 47. Kg3 Rb3+ 48. f3 Rxf3+ 49. Kg2 Ra3+ 50. Kf2 Ra2+ 51. Ke1 d3 52. g5+
Kxg5 53. Bg4 d2+ 54. Ke2 Kf4 55. h3 Bb5+ 0-1

[Event "26th WSCC 2016 Open 65+"]
[Site "Marianske Lazne, Czech Republic - Hotel Cristal and Continental"]
[Date "2016.11.19"]
[Round "1.46"]
[White "Babula, Milan"]
[Black "Muratoglu, Salih"]
[Result "1-0"]
[WhiteElo "2210"]
[BlackElo "1897"]
[PlyCount "87"]
[EventDate "2016.11.19"]

1. e4 c6 2. d4 d5 3. Nd2 dxe4 4. Nxe4 Bf5 5. Ng3 Bg6 6. N1e2 Nd7 7. Nf4 e6 8.
h4 Bd6 9. h5 Bf5 10. Nxf5 exf5 11. Bd3 Ne7 12. c3 Qc7 13. Qf3 O-O-O 14. Bd2 g6
15. hxg6 hxg6 16. O-O-O Nb6 17. Nh3 c5 18. dxc5 Bxc5 19. Bf4 Bd6 20. Bxd6 Rxd6
21. Ng5 Rxh1 22. Rxh1 Nc6 23. Qe2 Rd8 24. g3 Ne5 25. Bc2 f6 26. Rh7 Qc6 27. Nf7
Re8 28. Nxe5 Rxe5 29. Qd1 Rd5 30. Qh1 Nd7 31. Bb3 Rd6 32. Qxc6+ bxc6 33. Rg7 g5
34. Bc2 Rd5 35. c4 Rc5 36. b3 Kc7 37. Kd2 Kd6 38. f4 gxf4 39. gxf4 Ra5 40. a4
Ke6 41. b4 Ra6 42. Rxd7 Kxd7 43. c5 Ke6 44. Bb3+ 1-0

[Event "26th WSCC 2016 Open 65+"]
[Site "Marianske Lazne, Czech Republic - Hotel Cristal and Continental"]
[Date "2016.11.19"]
[Round "1.47"]
[White "Pokora, Lubomir"]
[Black "Zilbert, Oleg"]
[Result "0-1"]
[WhiteElo "1895"]
[BlackElo "2208"]
[PlyCount "56"]
[EventDate "2016.11.19"]

1. e4 e6 2. d3 d5 3. Qe2 Nf6 4. Nf3 Be7 5. g3 dxe4 6. dxe4 b6 7. Bg2 Ba6 8. c4
Bb7 9. Nbd2 Na6 10. e5 Nd7 11. O-O Ndc5 12. Rd1 Qd3 13. Qxd3 Nxd3 14. Ne1 Bxg2
15. Nxd3 Bb7 16. Nb3 O-O-O 17. Be3 Be4 18. Ne1 Nb4 19. Nd2 Bb7 20. a3 Nd3 21.
Nxd3 Rxd3 22. Kf1 Rhd8 23. Ke1 Bg2 24. Rac1 f6 25. exf6 Bxf6 26. Rc2 c5 27. h4
h6 28. Ke2 Bc6 0-1

[Event "26th WSCC 2016 Open 65+"]
[Site "Marianske Lazne, Czech Republic - Hotel Cristal and Continental"]
[Date "2016.11.19"]
[Round "1.48"]
[White "Sobolevsky, Leonid"]
[Black "Ilyes, Peter"]
[Result "1-0"]
[WhiteElo "2207"]
[BlackElo "1892"]
[PlyCount "63"]
[EventDate "2016.11.19"]

1. e4 d6 2. d4 g6 3. Nc3 Bg7 4. Be3 Nf6 5. f3 O-O 6. Qd2 c6 7. O-O-O b5 8. Nce2
Nbd7 9. Bh6 b4 10. Bxg7 Kxg7 11. Qxb4 Rb8 12. Qc3 Qb6 13. a3 c5 14. g4 e5 15.
dxe5 dxe5 16. g5 Ne8 17. Nf4 Qd8 18. h4 Kg8 19. Nd5 Bb7 20. Bh3 Bxd5 21. Rxd5
Rb7 22. Ne2 Qe7 23. Bxd7 Rxd7 24. Rxe5 Qd8 25. Nf4 Nc7 26. Rxc5 Ne6 27. Nxe6
fxe6 28. b4 Qb8 29. Qe5 Rd6 30. h5 gxh5 31. Rxh5 Rxf3 32. g6 1-0

[Event "26th WSCC 2016 Open 65+"]
[Site "Marianske Lazne, Czech Republic - Hotel Cristal and Continental"]
[Date "2016.11.19"]
[Round "1.49"]
[White "Auvinen, Esa"]
[Black "Furman, Boris"]
[Result "0-1"]
[WhiteElo "1887"]
[BlackElo "2207"]
[PlyCount "80"]
[EventDate "2016.11.19"]

1. e4 c5 2. Nf3 Nc6 3. d4 cxd4 4. Nxd4 Nf6 5. Nc3 d6 6. g3 g6 7. Bg2 Bd7 8. O-O
Bg7 9. Nde2 O-O 10. b3 a6 11. Bb2 b5 12. Nd5 Ne8 13. Bxg7 Nxg7 14. Ne3 Rc8 15.
c4 Ne6 16. cxb5 axb5 17. a4 bxa4 18. bxa4 Na5 19. Nd5 Rc4 20. Ndc3 Nc5 21. Ra3
Bc6 22. f3 Qb6 23. Kh1 Qb4 24. Qa1 Nab3 25. Qb2 Rb8 26. a5 Nd3 27. Qa2 Rxc3 28.
Nxc3 Qxc3 29. a6 Ndc1 30. a7 Rc8 31. Qf2 Ba8 32. Qb6 Qc5 33. Rxb3 Nxb3 34. Qxb3
Qxa7 35. Rb1 Qf2 36. Rf1 Qd2 37. Qa4 Bb7 38. Qa7 Rc2 39. Rg1 Bc8 40. Qxe7 Bh3
0-1

[Event "26th WSCC 2016 Open 65+"]
[Site "Marianske Lazne, Czech Republic - Hotel Cristal and Continental"]
[Date "2016.11.19"]
[Round "1.50"]
[White "Roeder, Gerd"]
[Black "Rubinstein, Mark"]
[Result "1-0"]
[WhiteElo "2207"]
[BlackElo "1886"]
[PlyCount "45"]
[EventDate "2016.11.19"]

1. e4 e6 2. d4 d5 3. Nd2 c5 4. Ngf3 Nc6 5. exd5 exd5 6. Bb5 a6 7. Bxc6+ bxc6 8.
O-O h6 9. Re1+ Be6 10. dxc5 Bxc5 11. Nb3 Qb6 12. Nxc5 Qxc5 13. Nd4 Kd7 14. Be3
Qd6 15. Nb3 Nf6 16. Nc5+ Kc7 17. Qd4 Kc8 18. Bf4 Qe7 19. Re3 Re8 20. Rae1 Ng4
21. Rc3 g5 22. Bg3 Qf6 23. Qxg4 1-0

[Event "26th WSCC 2016 Open 65+"]
[Site "Marianske Lazne, Czech Republic - Hotel Cristal and Continental"]
[Date "2016.11.19"]
[Round "1.51"]
[White "Baumgarten, Werner"]
[Black "Haubt, Georg"]
[Result "0-1"]
[WhiteElo "1882"]
[BlackElo "2205"]
[PlyCount "58"]
[EventDate "2016.11.19"]

1. e4 d5 2. exd5 Qxd5 3. Nc3 Qd6 4. d4 Nf6 5. Nf3 a6 6. Bc4 b5 7. Bb3 e6 8. Ne2
Bb7 9. Bf4 Qb6 10. Ng3 c5 11. dxc5 Bxc5 12. O-O Nc6 13. Qe2 O-O 14. h3 Na5 15.
Bg5 Nxb3 16. axb3 Nd5 17. Ne4 h6 18. Bd2 Be7 19. Ba5 Qa7 20. Nfd2 Rac8 21. Rac1
f5 22. Nd6 Nf4 23. Qe5 Bxd6 24. Qxd6 Ne2+ 25. Kh1 Nxc1 26. Qxe6+ Kh7 27. Rxc1
Qxf2 28. Rg1 Rxc2 29. Qd7 Rc1 0-1

[Event "26th WSCC 2016 Open 65+"]
[Site "Marianske Lazne, Czech Republic - Hotel Cristal and Continental"]
[Date "2016.11.19"]
[Round "1.52"]
[White "Singer, Hans"]
[Black "Sevenyuk, Alexey"]
[Result "1-0"]
[WhiteElo "2202"]
[BlackElo "1877"]
[PlyCount "83"]
[EventDate "2016.11.19"]

1. d4 e6 2. c4 Nf6 3. Nc3 d5 4. Bg5 Be7 5. e3 c6 6. Nf3 Ne4 7. Bxe7 Qxe7 8. Qc2
Nxc3 9. Qxc3 Nd7 10. Bd3 dxc4 11. Bxc4 Nb6 12. Bb3 Nd5 13. Qd2 a5 14. a3 O-O
15. Rc1 Rd8 16. e4 Nf6 17. Qf4 Bd7 18. O-O Be8 19. Rfe1 Rac8 20. d5 exd5 21.
exd5 Qd6 22. Qxd6 Rxd6 23. Re7 Nxd5 24. Rxb7 Rdd8 25. Kf1 Rb8 26. Rxb8 Rxb8 27.
Nd4 g6 28. Bxd5 cxd5 29. b3 a4 30. b4 Kf8 31. Ke2 Ke7 32. Nc6+ Bxc6 33. Rxc6
Ra8 34. Kd3 Kd7 35. Rc5 Ke6 36. Kd4 Rd8 37. Rc6+ Rd6 38. Rxd6+ Kxd6 39. b5 f6
40. f3 f5 41. f4 h6 42. h4 1-0

[Event "26th WSCC 2016 Open 65+"]
[Site "Marianske Lazne, Czech Republic - Hotel Cristal and Continental"]
[Date "2016.11.19"]
[Round "1.53"]
[White "Slechta, Karel"]
[Black "Gergel, Vladimir P"]
[Result "0-1"]
[WhiteElo "1872"]
[BlackElo "2201"]
[PlyCount "50"]
[EventDate "2016.11.19"]

1. e4 c5 2. Nf3 e6 3. d4 cxd4 4. Nxd4 Nc6 5. Be2 Qc7 6. Nc3 a6 7. Be3 b5 8. O-O
b4 9. Na4 Rb8 10. b3 Nf6 11. Bd3 Bd6 12. g3 Be5 13. Nxc6 Qxc6 14. Rc1 Nxe4 15.
f3 Nc3 16. Nxc3 Bxc3 17. Qe2 O-O 18. Bf4 e5 19. Be3 d5 20. Rcd1 Bh3 21. Bxa6 d4
22. Bc1 Bxf1 23. Kxf1 Ra8 24. Bb5 Qe6 25. Ba4 f5 0-1